000 00620nam a22002417a 4500
003 UA-OsUOA
001 64924
007 ta
008 20091111b un ||||| |||| 00| 0 ukr d
100 _aЗолотоноша Л.
090 _a821.16.1-1
_bЗ-81
942 _cBK
040 _aUA-OsUOA
_bukr
_cUA-OsUOA
_dUA-OsUOA
245 _aТепер або ніколи
300 _a144 с.
955 _a3
041 _aukr
080 _a821.16.1-1
020 _a966-651-123-1
260 _aК.
_bФенікс
_c2004
650 7 _a82 Література. Літературознавство
_2UDC
999 _c351006
_d351006